Country risk of small economies in Eurozone on the bonds and stock markets

Na minha lista:
Detalhes bibliográficos
Autor principal: Chovancová, Božena
Outros Autores: Árendáš, Peter, 1986-, Gvozdják, Vladimír
Formato: Capítulo de Livro
Idioma:inglês
Assuntos:
Tags: Adicionar Tag
Sem tags, seja o primeiro a adicionar uma tag!

MARC

LEADER 00000nla a2200000 4500
001 0195752
005 20240502073305.4
041 0 |a eng 
044 |a SK 
245 1 0 |a Country risk of small economies in Eurozone on the bonds and stock markets  |c Božena Chovancová, Peter Árendáš, Vladimír Gvozdják 
610 2 0 |a dlhopisy 
610 2 0 |a akcie 
610 2 0 |a trh finančný 
610 2 0 |a eurozóna 
610 2 0 |a riziko 
610 2 0 |a rating 
100 1 |a Chovancová, Božena 
700 1 |a Árendáš, Peter, 1986- 
700 1 |a Gvozdják, Vladimír